Länder, die Slowenien am meisten besuchen - Statistiken

Allgemein
  • Dieses Quiz wurde 61 mal gespielt
  • Das Durchschnittsergebnis liegt bei 17 aus 20
Antwortstatistiken
Platz Touristenankünfte Land % Korrekt
🥇 ~290.000 Deutschland
98%
🥈 ~160.000 Italien
98%
4. ~82.000 Kroatien
98%
🥉 ~143.000 Österreich
98%
8. ~43.000 Serbien
97%
5. ~63.000 Ungarn
97%
9. ~36.000 Frankreich
93%
16. ~14.000 Vereinigte Staaten
92%
11. ~26.000 Polen
90%
7. ~45.000 Tschechien
90%
14. ~18.000 Schweiz
88%
12. ~24.000 Slowakei
88%
20. ~9.000 Spanien
88%
10. ~35.000 Bosnien und Herzegowina
85%
6. ~45.000 Niederlande
83%
13. ~20.000 Vereinigtes Königreich
83%
17. ~14.000 Russland
80%
15. ~17.700 Belgien
78%
18. ~13.000 Rumänien
76%
19. ~11.000 Südkorea
27%
Keine übereinstimmenden Quizze gefunden
Verteilung der Resultate
Anzahl Personen mit jedem Resultat
Perzentil nach korrekt beantworteten Fragen
Ihre Resultats-Entwicklung
Sie haben dieses Quiz noch nicht gespielt